<?xml version="1.0" encoding="UTF-8"?>
<record
    xmlns:xsi="http://www.w3.org/2001/XMLSchema-instance"
    xsi:schemaLocation="http://www.loc.gov/MARC21/slim http://www.loc.gov/standards/marcxml/schema/MARC21slim.xsd"
    xmlns="http://www.loc.gov/MARC21/slim">

  <leader>00819nam a22001817a 4500</leader>
  <controlfield tag="003">UA-OsUOA</controlfield>
  <controlfield tag="001"> 18655 </controlfield>
  <controlfield tag="007">ta</controlfield>
  <controlfield tag="008">20040526b un ||||| |||| 00| 0 ukr d</controlfield>
  <datafield tag="100" ind1=" " ind2=" ">
    <subfield code="a">&#x41F;&#x43E;&#x433;&#x43E;&#x43D;&#x441;&#x44C;&#x43A;&#x430; &#x412;.</subfield>
  </datafield>
  <datafield tag="942" ind1=" " ind2=" ">
    <subfield code="c">SA</subfield>
  </datafield>
  <datafield tag="040" ind1=" " ind2=" ">
    <subfield code="a">UA-OsUOA</subfield>
    <subfield code="c">UA-OsUOA</subfield>
    <subfield code="d">UA-OsUOA</subfield>
  </datafield>
  <datafield tag="245" ind1=" " ind2=" ">
    <subfield code="a">&#x417;&#x431;&#x435;&#x440;&#x435;&#x433;&#x442;&#x438; &#x441;&#x442;&#x432;&#x43E;&#x440;&#x435;&#x43D;&#x435; , &#x437;&#x440;&#x43E;&#x431;&#x438;&#x442;&#x438; &#x43C;&#x456;&#x441;&#x442;&#x43E; &#x449;&#x435; &#x43A;&#x440;&#x430;&#x449;&#x438;&#x43C;</subfield>
    <subfield code="b">&#x441;&#x43F;&#x43E;&#x43D;&#x443;&#x43A;&#x430;&#x454; &#x43A;&#x43E;&#x43C;&#x443;&#x43D;&#x430;&#x43B;&#x44C;&#x43D;&#x438;&#x43A;&#x456;&#x432; &#x456; &#x43C;&#x435;&#x448;&#x43A;&#x430;&#x43D;&#x446;&#x456;&#x432; &#x420;&#x456;&#x432;&#x43D;&#x43E;&#x433;&#x43E; &#x43F;&#x435;&#x440;&#x435;&#x43C;&#x43E;&#x433;&#x430; &#x443; &#x432;&#x441;&#x435;&#x443;&#x43A;&#x440;. &#x43A;&#x43E;&#x43D;&#x43A;&#x443;&#x440;&#x441;&#x456; "&#x41D;&#x430;&#x441;&#x435;&#x43B;&#x435;&#x43D;&#x438;&#x439; &#x43F;&#x443;&#x43D;&#x43A;&#x442; &#x43D;&#x430;&#x439;&#x43A;&#x440;&#x430;&#x449;&#x43E;&#x433;&#x43E; &#x431;&#x43B;&#x430;&#x433;&#x43E;&#x443;&#x441;&#x442;&#x440;&#x43E;&#x44E; &#x456; &#x43F;&#x456;&#x434;&#x442;&#x440;&#x438;&#x43C;&#x43A;&#x438; &#x433;&#x440;&#x43E;&#x43C;&#x430;&#x434;&#x441;&#x44C;&#x43A;&#x43E;&#x433;&#x43E; &#x43F;&#x43E;&#x440;&#x44F;&#x434;&#x43A;&#x443;"</subfield>
  </datafield>
  <datafield tag="300" ind1=" " ind2=" ">
    <subfield code="a">&#x421;.2</subfield>
  </datafield>
  <datafield tag="955" ind1=" " ind2=" ">
    <subfield code="a">0</subfield>
  </datafield>
  <datafield tag="773" ind1="0" ind2=" ">
    <subfield code="w">0</subfield>
    <subfield code="t">&#x421;&#x456;&#x43C; &#x434;&#x43D;&#x456;&#x432;</subfield>
    <subfield code="d">&#x420;&#x456;&#x432;&#x43D;&#x435;</subfield>
    <subfield code="d">2004</subfield>
    <subfield code="g">&#x2116;21/21 &#x442;&#x440;&#x430;&#x432;./</subfield>
  </datafield>
  <datafield tag="650" ind1=" " ind2="7">
    <subfield code="a">&#x41A;&#x43E;&#x43C;&#x443;&#x43D;&#x430;&#x43B;&#x44C;&#x43D;&#x435; &#x433;&#x43E;&#x441;&#x43F;&#x43E;&#x434;&#x430;&#x440;&#x441;&#x442;&#x432;&#x43E;</subfield>
    <subfield code="2">UDC</subfield>
  </datafield>
  <datafield tag="999" ind1=" " ind2=" ">
    <subfield code="c">304826</subfield>
    <subfield code="d">304826</subfield>
  </datafield>
</record>
